| 000 | 00452nam a2200181Ia 4500 | ||
|---|---|---|---|
| 001 | 19636 | ||
| 005 | 20260306172707.0 | ||
| 008 | 260306t1970||||xx |||||||||||||| ||spa|| | ||
| 041 | _aESP | ||
| 082 |
_a340.7 _bR33 |
||
| 100 |
_aRecaséns Siches, Luis [1903-1977] _eAUT |
||
| 245 | 0 | _aIntroducción al estudio del derecho | |
| 260 | _c1970 | ||
| 300 |
_axx, 360 páginas : _c23 cm. |
||
| 650 | _aGEN | ||
| 654 | _aCDE | ||
| 942 |
_cLIB _dJUS _fJUS _2ddc _n |
||
| 999 |
_c19636 _d19636 |
||